000 00359nam a2200157Ia 4500
005 20250423095643.0
008 250422s9999 xx 000 0 und d
020 _a0-141-02276-0
100 _aCherry Chappell
245 0 _aHow to Write Better Letters
260 _bPenguin Books
260 _c2006
300 _a248 p
650 _aEnglish
942 _cBK
999 _c30927
_d30927